Statistics for Province Quiz - Saskatchewan

Click here to take the quiz!

General Stats

  • This quiz has been taken 413 times
    (324 since last reset)
  • The average score is 11 of 20

Answer Stats

HintAnswer% Correct
Capital of SaskatchewanRegina
95%
Most populous citySaskatoon
90%
U.S. states Saskatchewan borders (name either)Montana | North Dakota
84%
Collective name for Saskatchewan, Alberta and ManitobaThe Prairies
81%
Intersection of Saskatchewan, Manitoba, Nunavut and Northwest TerritoriesFour {Corners}
74%
Saskatchewan is the second least _______ populated province, trailing only NLDensely
66%
Saskatchewan is world's largest exporter of this seed, grown to make
a type of popular yellow sauce
{Mustard} Seed
66%
The above was given its present name in 1882 in honour of this royal figureQueen Victoria
63%
River on which the above liesSouth {Saskatchewan}
59%
Majority of the its foreign-born residents were born in this Asian countryPhilippines
53%
92% of this major lake is located in Saskatchewan
(hint: type of animal called caribou in North America)
Lake Reindeer
52%
Fourth-biggest city in Saskatchewan, home to the SnowbirdsMoose Jaw
52%
Third-biggest city, two of its MPs became prime ministers of CanadaPrince Albert
51%
Saskatchewan is the only province that appear ___________ on mapsRectangular
49%
Slogan on the licence plates of SaskatchewanLand of the Living {Skies}
44%
Major lake shares with AlbertaLake Athabasca
43%
Conservative prime minister (1957-63) who lived most of his life in SaskatchewanJohn Diefenbaker
34%
Actor of "The Naked Gun" that was born in the capital in 1926Leslie Nielsen
34%
Prime minister from that city who served during World War IIMackenzie King
26%
The University of Saskatchewan is home to this synchrotronCanadian {Light} Source
15%

Score Distribution

Percentile by Number Answered

Percent of People with Each Score

Your Score History

You have not taken this quiz since the last reset